|
|
|
|
| LEADER |
01218nam a22002891a 4500 |
| 001 |
000714171 |
| 003 |
CZ BrMZK |
| 005 |
20240314080358.0 |
| 007 |
ta |
| 008 |
040505s1955 xr g f 001 0 cze d |
| 015 |
|
|
|a cnb000719775
|
| 035 |
|
|
|a (OCoLC)85445422
|
| 040 |
|
|
|a ABA001
|b cze
|c OLA001
|d ABA001
|d BOA001
|
| 041 |
0 |
|
|a cze
|a eng
|
| 100 |
1 |
|
|a Hrozienčíková, Lívia
|7 jx20051227012
|4 aut
|
| 245 |
1 |
0 |
|a Angličtina pro 11. postupný ročník všeobecně vzdělávacích škol /
|c zpracovali Lívia Hrozienčíková, Ján Šimko a Libuše Šimková za red. J.W. Dunovské
|
| 250 |
|
|
|a 1. vyd.
|
| 260 |
|
|
|a Praha :
|b Státní pedagogické nakladatelství,
|c 1955
|
| 300 |
|
|
|a 198 s. :
|b noty ;
|c 21 cm
|
| 500 |
|
|
|a Obsahuje rejstřík
|
| 700 |
1 |
|
|a Šimková, Libuše
|7 xx0104380
|4 aut
|
| 700 |
1 |
|
|a Šimko, Ján,
|d 1920-
|7 jx20041119007
|4 aut
|
| 910 |
|
|
|a BOA001
|b PK-0011.314
|b 2-0345.393
|
| 990 |
|
|
|a BK
|
| 996 |
7 |
|
|b 2618980263
|c 2-0345.393
|l MZK
|r Sklad / do 24 hodin
|n 0
|w 000714171
|u 000030
|a 1
|e BOA001
|j MZK50
|s A
|
| 996 |
6 |
|
|b 2618980264
|c 2-0345.393
|l MZK
|r Sklad / do 24 hodin
|n 0
|w 000714171
|u 000020
|a 1
|e BOA001
|j MZK50
|s P
|
| 996 |
7 |
|
|b 3119687496
|c PK-0011.314
|l MZK
|r Sklad / do 1 hodiny
|n 0
|w 000714171
|u 000010
|a 1
|e BOA001
|j MZK50
|s A
|